000 01826cam a22005054i 4500
003 PE-LiUPU
005 20250731165650.0
008 150616s r 000 0 d
020 _a0521233488
035 _a(Sirsi) i9780521233484
040 _aPE-LiUPU
_bspa
_cPE-LiUPU
_erda
049 _aPRUA
082 0 4 _a909.008
_bC
_221
100 1 _aCambridge University,
_eautor.
245 1 4 _aThe Fourth Century B.C.
_n6.
264 1 _aCambridge :
_bCambridge University Press,
_c1994.
300 _a1077 páginas ;
_c24 centímetros
336 _atext
_2rdacontent
337 _aunmediated
_2rdamedia
338 _avolume
_2rdacarrier
490 0 _aThe Cambridge Ancient History
505 0 _aSources and their uses.- Sparta as victor.- Persia.- The corinthian war.- Sicily, 413-368 BC.- The King's peace and the second Athenian confederacy.- Thebes in the 360S BC.- Etc...
526 _aSEG44
526 _aSEG26
526 _aP151
526 _aP150
526 _aP149
526 _aP146
526 _aP145
526 _aP126
526 _aP125
526 _aP92
526 _aP75
526 _aP74
526 _aP27
526 _aP15
650 0 4 _aHistoria antigua
_ySiglo VI.
910 _ajck
_bjvq
_cjck
942 _2ddc
_cBOOK
949 _aRC 909.008 C 6
_wDEWEY
_c1
_i43175
_lCCODEBUL1
_mBUL
_r0
_sY
_tBOOK
_u2015-6-16
_xTEOLOGIA
_zUNKNOWN
_0COMPRA
_o.CIRCNOTE. No olvidar cambiar la fecha de devolución!!!!!!!
_o.STAFF. Colección General
994 _aC0
_bPEPRU
596 _a1
999 _aRC 909.008 C 6
_wDEWEY
_c61134
_i43175
_f2021-11-8
_g5
_lCCODEBUL1
_mBUL
_r1
_sY
_tBOOK
_u2015-6-16
_xTEOLOGIA
_zUNKNOWN
_0COMPRA
_o.CIRCNOTE. No olvidar cambiar la fecha de devolución!!!!!!!
_o.STAFF. Colección General
_d61134
980 _81
_gALBERTO SANCHEZ Responsable de Automatización